Muru dalitha kammatagalu (Record no. 105220)
[ view plain ]
| 000 -LEADER | |
|---|---|
| fixed length control field | 00749nam a2200205Ia 4500 |
| 003 - CONTROL NUMBER IDENTIFIER | |
| control field | OSt |
| 005 - DATE AND TIME OF LATEST TRANSACTION | |
| control field | 20250830092441.0 |
| 008 - FIXED-LENGTH DATA ELEMENTS--GENERAL INFORMATION | |
| fixed length control field | 210210b1996 xxu||||| |||| 00| 0 eng d |
| 040 ## - CATALOGING SOURCE | |
| Transcribing agency | AL |
| 041 ## - LANGUAGE CODE | |
| Language code of text/sound track or separate title | Kannada |
| 082 ## - DEWEY DECIMAL CLASSIFICATION NUMBER | |
| Classification number | K894.8 DURM |
| 100 ## - MAIN ENTRY--PERSONAL NAME | |
| Personal name | DURGADAS (K R) mattu ANANDAMURTHY (G V). |
| 9 (RLIN) | 217301 |
| Dates associated with a name | ದುರ್ಗಾದಾಸ್ (ಕೆ ಅರ್) ಮತ್ತು ಆನಂದಮೂರ್ತಿ (ಜಿ ವಿ) |
| 245 ## - TITLE STATEMENT | |
| Title | Muru dalitha kammatagalu |
| Remainder of title | ಮೂರೂ ದಲಿತ ಕಮ್ಮಟಗಳು |
| 260 ## - PUBLICATION, DISTRIBUTION, ETC. | |
| Place of publication, distribution, etc. | Bengaluru. |
| Name of publisher, distributor, etc. | Kannada mattu Samskrathi Nirdeshanalaya, Karnataka Sahitya Akademi., |
| Date of publication, distribution, etc. | 1996 |
| 300 ## - PHYSICAL DESCRIPTION | |
| Extent | v,136 |
| 650 ## - SUBJECT ADDED ENTRY--TOPICAL TERM | |
| Topical term or geographic name entry element | Dalitha |
| 9 (RLIN) | 217302 |
| 690 ## - LOCAL SUBJECT ADDED ENTRY--TOPICAL TERM (OCLC, RLIN) | |
| Topical term or geographic name as entry element | Kannada Miscellaneous |
| 9 (RLIN) | 217303 |
| 906 ## - LOCAL DATA ELEMENT F, LDF (RLIN) | |
| a | 057748 |
| 942 ## - ADDED ENTRY ELEMENTS (KOHA) | |
| Source of classification or shelving scheme | Dewey Decimal Classification |
| Koha item type | Book |
| Withdrawn status | Lost status | Source of classification or shelving scheme | Damaged status | Not for loan | Collection code | Home library | Current library | Date acquired | Source of acquisition | Cost, normal purchase price | Total Checkouts | Full call number | Barcode | Date last seen | Price effective from | Koha item type |
|---|---|---|---|---|---|---|---|---|---|---|---|---|---|---|---|---|
| Dewey Decimal Classification | Kannada | St Aloysius Library | St Aloysius Library | 02/17/2021 | Sahayaka Nirdeshakara Kacheri, Mangaluru. | 25.00 | K894.8 DURM | 057748 | 02/17/2021 | 02/17/2021 | Book |